Hats by Picture - Statistics

General Stats
  • This quiz has been taken 17,930 times
  • The average score is 10 of 16
Answer Stats
Picture Answer % Correct
Top Hat
90%
Sombrero
86%
Beret
85%
Fez
85%
Turban
85%
Cowboy Hat
82%
Fedora
76%
Bowler / Derby
74%
Bonnet
69%
Sailor Cap
65%
Yarmulke / Kippah
57%
Pillbox Hat
41%
Tricorne
41%
Panama Hat
40%
Coonskin Cap
37%
{Pith} Helmet
24%
No matching quizzes found
Score Distribution
Percent of People with Each Score
Percentile by Number Answered
Your Score History
You have not taken this quiz